İçeriği atla
Inicio
Centros participantes
Catálogo
Servicios
Contacto
Giriş
English
Deutsch
Español
Français
Italiano
日本語
Nederlands
Português
Português (Brasil)
中文(简体)
中文(繁體)
Türkçe
עברית
Gaeilge
Cymraeg
Ελληνικά
Català
Euskara
Русский
Čeština
Suomi
Svenska
polski
Dansk
slovenščina
اللغة العربية
বাংলা
Galego
Tiếng Việt
Hrvatski
हिंदी
Հայերէն
Українська
Sámegiella
Dil
Tüm Alanlar
Materyal Adı
Yazar
Konu
Yer Numarası
ISBN/ISSN
Etiket
Ara
Gelişmiş
Cartas
Alıntıla
E-posta Gönder
Yazdır
Kaydı İhraç Et
İhraç Et RefWorks
İhraç Et EndNoteWeb
İhraç Et EndNote
Favorilerime ekle
Kalıcı bağlantı
Exportació completada —
İlk derecelendirmeyi ekleyin
Cartas
Kaydedildi:
Detaylı Bibliyografya
Yazar:
Ozanam, Federico
Materyal Türü:
Kitap
Dil:
Undetermined
Baskı/Yayın Bilgisi:
Buenos Aires, Argentina
Difusión
1853
Konular:
TEOLOGÍA
Etiketler:
Etiketle
Etiket eklenmemiş, İlk siz ekleyin!
Erişim Bilgileri
Diğer Bilgiler
Yorumlar
Benzer Materyaller
MARC Görünümü
MARC
LEADER
00000nam a2200000Ia 4500
008
170316s9999 xx 000 0 und d
090
|a
230 O-2c v.2
100
|a
Ozanam, Federico
245
|a
Cartas
260
|a
Buenos Aires, Argentina
260
|b
Difusión
260
|c
1853
300
|a
537 páginas Tomo 2
650
|a
TEOLOGÍA
999
|c
18049
|d
18049
040
|a
cru BVZT
942
|c
15 D
|h
230 O-2c v.2
|2
z
Benzer Materyaller
Cartas de Federico Ozanam
Yazar:: Ozanam, Federico
Baskı/Yayın Bilgisi: (1945)
Carta encíclica Redemptoris Mater
Yazar:: Juan Pablo II, Papa
Baskı/Yayın Bilgisi: (1987)
Carta sobre la colaboración del hombre y la mujer en la Iglesia y en el mundo /
Baskı/Yayın Bilgisi: (2004)
Teología alemana y teología latinoamericana de la liberación: un esfuerzo de diálogo
Baskı/Yayın Bilgisi: (1990)
Teología alemana y teología latinoamericana de la liberación: un esfuerzo de diálogo
Baskı/Yayın Bilgisi: (1990)